A-ce eu lieu ? - Mort Subite - Statistiques

Statistiques générales
  • Ce quiz a été pris 776 fois
  • Le résultat moyen est 2 sur 15
Answers on the Grid
Answers color-coded by a green-red scale on the quiz's grid according to % correct below.
Troisième utilisation d'une bombe atomique
Construction du pont de la rivière Kwaï
Les émeus envahissent le capitole
Naissance de Jésus
Premier homme sur Mars
Fin officielle de la guerre entre les deux Corées
La Bolivie perd son littoral
Séparation des Rolling Stones
Le Titanic arrive à New-York
Alger devient la capitale de la France
Sortie de Super Mario Bros 2, sur NES
Le fils de Louis XVI meurt guillotiné
Moby Dick nage dans l'océan
Monsieur Aston Martin fonde Aston Martin
La vie apparait quelque part en Afrique, il y a quelques milliards d'années
Le Pape meurt à Avignon
Grand Theft Auto V (GTA V) gagne le GOTY (Game Of The Year)
Michel Barnier déclenche le 49.3
La France déclare la guerre à l'Allemagne
Monsieur Poubelle invente la poubelle
Mort de la Reine Victoria dans un accident de voiture
Martin Luther King commence un célèbre discours par "I have a dream"
Néron est assassiné par ses opposants, après l'incendie de Rome
Marco Polo devient le premier européen à se rendre à la cour de l'Empire Mongol
Les Jeux Olympiques sont annulés
Le Joueur du Grenier dit "ils ont pris de la drogue" sur Youtube
Newton invente la gravité
La Grande Muraille de Chine empêche l'avancée mongole
Genève devient française
Découverte d'un mille pattes ayant au moins mille pattes
 
Statistiques - réponses
Réponse % Correct
La naissance de Jésus de Nazareth aurait été aux alentours du 25 décembre précédant l'an 1 Naissance de Jésus
69%
Ce pont existe bel et bien, sa toute première version, en bois, a été achevée le 17 octobre 1943 Construction du pont de la rivière Kwaï
29%
Le 9 août 1945, à Nagasaki (le premier ayant jamais été a été un usage de test, le deuxième un bombardement sur Hiroshima) Troisième utilisation d'une bombe atomique
26%
Inventée par Eugène Poubelle, en 1884 Monsieur Poubelle invente la poubelle
16%
Le 14 février 1879 débute la Guerre du Pacifique, qui à son terme fera perdre à la Bolivie son littoral La Bolivie perd son littoral
11%
Une de plus, un de moins, il est reparti aussi vite qu'il est apparu Michel Barnier déclenche le 49.3
11%
On peut citer par exemple la mort du Pape Jean XXII, le 4 décembre 1334 Le Pape meurt à Avignon
10%
Il s'agit du GOTY 2013 Grand Theft Auto V (GTA V) gagne le GOTY (Game Of The Year)
7%
Le 3 septembre 1939, avec le Royaume-Uni La France déclare la guerre à l'Allemagne
7%
En 1914, 1940 et 1944, pour des raisons tout à fait convenables, il est vrai Les Jeux Olympiques sont annulés
7%
De 1942 à 1944, Alger est la capitale de la France Libre Alger devient la capitale de la France
6%
Est sorti le 3 juin 1986 officiellement (ça date un peu) Sortie de Super Mario Bros 2, sur NES
5%
Par exemple, en 1798, la ville est annexée par la France, elle reprendra son indépendance en 1814 Genève devient française
3%
C'était un bien grand cachalot Moby Dick nage dans l'océan
3%
Oui, il le dit pour la première fois dans sa vidéo sur les jeux sur la bible du 22 janvier 2023, un effet Mandela qui n'est plus ! Le Joueur du Grenier dit "ils ont pris de la drogue" sur Youtube
2%
Aucun quiz correspondant
Distribution des résultats
% des personnes avec chaque résultat
Percentile par nombre de réponses
Votre historique - résultats
Vous n’avez pas pris ce quiz